000 00406nam a22001697a 4500
003 OSt
005 20220407102050.0
008 220407b |||||||| |||| 00| 0 eng d
020 _a978-0-7546-7960-8
040 _aDDC
_cHU
082 _21ST
_a344.4104
_b2
100 _aFERGUSON ANGUS H.
_935597
245 _aSHOULD A DOCTOR TELL
250 _a1ST
260 _aUK
_bASHGATE
_c2013
942 _2ddc
_cBOOKS
_n0
999 _c34560
_d34560